书目信息 |
| 题名: |
政党和政党制度比较研究
|
|
| 作者: | 周淑真 著 | |
| 分册: | ||
| 出版信息: | 北京 人民出版社 2001.05 |
|
| 页数: | 355页 | |
| 开本: | 20cm | |
| 丛书名: | ||
| 单 册: | ||
| 中图分类: | D05 | |
| 科图分类: | ||
| 主题词: | 政党--研究--世界 , 政党--政党制度--研究--世界 | |
| 电子资源: | ||
| ISBN: | 7-01-003358-7 | |
| 000 | 00607nam0 2200205 45 | |
| 001 | 0201271625 | |
| 005 | 20031219104053.2 | |
| 010 | @a7-01-003358-7@dCNY24.00 | |
| 100 | @a20020127d2001 km y0chiy0120 ea | |
| 101 | 0 | @achi |
| 105 | @a z 000yy | |
| 200 | 1 | @a政党和政党制度比较研究@AZheng Dang He Zheng Dang Zhi Du Bi Jiao Yan Jiu@f周淑真著@FZhou Shu Zhen Zhu |
| 210 | @a北京@c人民出版社@d2001.05 | |
| 215 | @a355页@d20cm | |
| 606 | 0 | @a政党@x研究@y世界 |
| 606 | 0 | @a政党@x政党制度@x研究@y世界 |
| 690 | @aD05@v4 | |
| 701 | 0 | @a周淑真@4著 |
| 801 | @aCN@bTSTC@c20020127 | |
| 905 | @b305906-908@dD05@e6@f3 | |
| 政党和政党制度比较研究/周淑真著.-北京:人民出版社,2001.05 |
| 355页;20cm |
| ISBN 7-01-003358-7:CNY24.00 |
| ● |
| 相关链接 |
|
|
|
|
正题名:政党和政党制度比较研究
索取号:D05/6
 
预约/预借
| 序号 | 登录号 | 条形码 | 馆藏地/架位号 | 状态 | 备注 |
| 1 | 0305906 | 203059064 | 第一借阅区/ [索取号:D05/6] | 在馆 | |
| 2 | 0305907 | 203059073 | 第一借阅区/ [索取号:D05/6] | 在馆 | |
| 3 | 0305908 | 203059082 | 第一样本阅览室/ [索取号:D05/6] | 在馆 | |
| 4 | 0325040 | 203250409 | 第一借阅区/ [索取号:D05/6] | 在馆 | |
| 5 | 0325041 | 203250418 | 第一借阅区/ [索取号:D05/6] | 在馆 |